书目信息 |
| 题名: |
中国现代建筑集成
|
|
| 作者: | 刘宇扬 编 | |
| 分册: | II 文化建筑 | |
| 出版信息: | 天津 天津大学出版社 2011.05 |
|
| 页数: | 296页 | |
| 开本: | 33cm | |
| 丛书名: | ||
| 单 册: | ||
| 中图分类: | TU206 , TU242-64 | |
| 科图分类: | ||
| 主题词: | 建筑设计--中国--现代--图集 , 文化建筑--建筑设计--中国--现代--图集 | |
| 电子资源: | ||
| ISBN: | 978-7-5618-3923-2 | |
| 000 | 01030nam0 2200265 450 | |
| 001 | 1253168999 | |
| 005 | 20120218130626.21 | |
| 010 | @a978-7-5618-3923-2@b精装@dCNY280.00 | |
| 100 | @a20110614d2011 y0chiy0110 ea | |
| 101 | 0 | @achi@eeng |
| 102 | @aCN@b120000 | |
| 105 | @aa z 000yy | |
| 200 | 1 | @a中国现代建筑集成@9zhong guo xian dai jian zhu ji cheng@hII@i文化建筑@dA collection of Chinese modern architecture@hII@iCultural@f刘宇扬编@zeng |
| 210 | @a天津@c天津大学出版社@d2011.05 | |
| 215 | @a296页@c图@d33cm | |
| 304 | @a封面责任者误题:刘宇阳 | |
| 330 | @a本书介绍了金昌市文化中心、嘉善文化艺术中心、雕塑展厅、优山美地美术馆、岳敏君美术馆、中国当代美术馆、肇庆市图书馆、淄博大剧院等文化建筑设计作品。 | |
| 510 | 1 | @aCollection of Chinese modern architecture@hII@iCultural@zeng |
| 606 | 0 | @a建筑设计@y中国@z现代@j图集 |
| 606 | 0 | @a文化建筑@x建筑设计@y中国@z现代@j图集 |
| 690 | @aTU206@v4 | |
| 690 | @aTU242-64@v4 | |
| 701 | 0 | @a刘宇扬@9liu yu yang@4编 |
| 801 | 0 | @aCN@bSG02@c20110614 |
| 905 | @a10447@dTU24@eL718 | |
| 中国现代建筑集成.II.文化建筑=A collection of Chinese modern architecture.II.Cultural/刘宇扬编.-天津:天津大学出版社,2011.05 |
| 296页:图;33cm |
| ISBN 978-7-5618-3923-2(精装):CNY280.00 |
| 本书介绍了金昌市文化中心、嘉善文化艺术中心、雕塑展厅、优山美地美术馆、岳敏君美术馆、中国当代美术馆、肇庆市图书馆、淄博大剧院等文化建筑设计作品。 |
| ● |
| 相关链接 |
|
|
|
正题名:中国现代建筑集成
索取号:TU24/L718
 
预约/预借
| 序号 | 登录号 | 条形码 | 馆藏地/架位号 | 状态 | 备注 |
| 1 | 483602 | 204836026 | 建筑库101/101建筑库 57排5列2层/ [索取号:TU24/L718] | 在馆 | |
| 2 | 483707 | 204837070 | 建筑与城市规划学院资料室/101建筑库 30排1列3层/ [索取号:TU24/L718] | 在馆 | |
| 3 | 483708 | 204837089 | 建筑库101/101建筑库 30排1列3层/ [索取号:TU24/L718] | 在馆 | |
| 4 | 483709 | 204837098 | 建筑库101/101建筑库 57排5列2层/ [索取号:TU24/L718] | 在馆 |